00335nam a2200145Ia 4500008004100000020001500041041001200056082001600068100001600084245001400100260003700114300000800151650001500159700001500174221030s9999 xx 000 0 und d a8176294624 aEnglish a105.23bBod aB. S. Bodla 0aInsurance bDeep & Deep PubaNew Delhic2004 a472 aManagement aM. C. Garg